000 02765nam a2200301 a 4500
003 OSt
005 20251112084403.0
007 cr ||||||a|c|a
008 230530s2019 mx a|||fom||| 001 0 spa d
040 _erda
100 1 _9187238
_aRamos Martínez, Alberto Samir
245 1 0 _aEfectos fijos sobre caracteristicas productivas del ovino criollo Chapingo /
_cpor Alberto Samir Ramos Martínez; director de tesis José Solís Ramírez.
264 1 _aDurango, México :
_bEl autor,
_c2019.
300 _a1 recurso en línea (54 páginas):
_bcuadros, figuras.
336 _2rdacontent
_atexto
_btxt
337 _2rdamedia
_acomputadora
_bc
338 _2rdacarrier
_arecurso en línea
_bcr
502 _bISP
_cURUZA
_d2019.
_gLIC
504 _aIncluye referencias bibliográficas: páginas 38-43.
520 _aSe realizó un estudio con 1211 registros de un rebaño de ovinos Criollos Chapingo (CC), localizado en la granja experimental del Departamento de Zootecnia de la Universidad Autónoma Chapingo, analizados mediante un procedimiento de estadísticos descriptivos, análisis de varianza (PROC GLM) de los efectos cualitativos y comparaciones de medias (TUKEY) del paquete SAS 9.4. Se conoce que la vida productiva de un animal es el conjunto o suma de sus caracteres productivos y reproductivos durante su vida. El objetivo del presente trabajo fue estimar los factores ambientales que influyen sobre las características productivas de crecimiento en los ovinos CC. Las variables analizadas en las hembras fueron peso al nacer (PN), peso al destete (PD), peso a 180 días (P180d), ganancia diaria de peso predestete (GDPPRD) y ganancia diaria de peso posdestete (GDPPD). Los resultados obtenidos del estadístico descriptivo promedio para PN fue 2.61 kg; PD 16.72 kg; P180d 32.61 kg; GDPPRD 0.180 kg; y GDPPD; 0.156 kg. El PN se mostró altamente influenciado por los efectos tipo de parto (TP), sexo (S) y año (A). Para el PD tuvieron influencia los efectos de S, número de parto (NP), PN y A. Para P180d fueron el S y PD. Por su parte la GDPPRD fue influida por los efectos S, NP, PN y A. Por último, la GDPPD se mostró influida únicamente por el A. Se concluye que los efectos ambientales más relevantes sobre las características productivas de los ovinos (CC) fueron el sexo y año, así como efectos persistentes de pesos iniciales.
650 4 _9139297
_aGanado lanar
_xEfectos del medio ambiente
650 4 _945166
_aGanado lanar
_xCrecimiento
650 4 _945211
_aGanado lanar
_xPeso
650 4 _945167
_aGanado lanar
_xCría de
700 1 _9108462
_aSolís Ramírez, José
_edirector.
856 _uhttp://10.13.5.2/tesis/tl/Ramos_Martinez_Alberto_Samir.pdf
_zDESCARGAR PDF
942 _2Clasificación Universidad Autónoma Chapingo
_cTD
999 _c218863
_d218863